00301nam a2200109 a 4500008004100000050001600041100002400057245004600081260003200127300002300159350000900182120416s1973 ||||||||||||||||| || u aT 57.85 Hoa aHoare, Henry Ronald10aProject management using network analysis aLondonbMcGraw-Hillc[1973] aviii, 109p. : ill. a0.00